000 00277nam a2200109Ia 4500
001 1276007
005 20260417160439.0
008 260417s9999 xx 000 0 und d
020 _a9786258486421
245 0 _aArlo Uyuyamayan Aslan
_cCatherine Rayner
260 _bKetebe Çocuk
999 _c1276007
_d1276007